[Event "Bremen Silvester op-A"]
[Site "Bremen"]
[Date "2022.12.27"]
[Round "1"]
[White "Pahl, Erik"]
[Black "Gieseler, Felix"]
[Result "1-0"]
[WhiteElo "2206"]
[BlackElo "1937"]
[PlyCount "59"]
[EventDate "2022.12.27"]
[EventType "swiss"]
[EventRounds "7"]
[EventCountry "GER"]
[SourceTitle "CBM 211 Extra"]
[Source "ChessBase"]
[SourceDate "2023.01.31"]
[SourceVersion "1"]
[SourceVersionDate "2023.01.31"]
[SourceQuality "1"]

1. Nf3 Nf6 2. g3 g6 3. Bg2 Bg7 4. d4 d5 5. 0-0 0-0 6. c4 e6 7. Nc3 Nbd7 8. Bf4 a6 9. cxd5 Nxd5 10. Bg5 N7f6 11. e4 Nxc3 12. bxc3 h6 13. Bxf6 Qxf6 14. e5 Qe7 15. Nd2 c5 16. Ne4 cxd4 17. cxd4 Rb8 18. Nd6 Rd8 19. Rc1 Qd7 20. Qb3 b5 21. Rc6 Bf8 22. Rfc1 Bxd6 23. exd6 Qa7 24. Qe3 Bd7 25. Rc7 Qb6 26. Qf4 Kg7 27. Bc6 g5 28. Qe5+ f6 29. Qxe6 Qxc7 30. Qe7+ 1-0

[Event "GER-ch 93rd"]
[Site "Magdeburg"]
[Date "2022.08.18"]
[Round "6"]
[White "Burian, Simon"]
[Black "Pahl, Erik"]
[Result "1/2-1/2"]
[WhiteElo "2211"]
[BlackElo "2203"]
[PlyCount "141"]
[EventDate "2022.08.14"]
[EventType "swiss"]
[EventRounds "9"]
[EventCountry "GER"]
[SourceTitle "CBM 209 Extra"]
[Source "ChessBase"]
[SourceDate "2022.09.30"]
[SourceVersion "1"]
[SourceVersionDate "2022.09.30"]
[SourceQuality "1"]

1. e4 e5 2. Nf3 Nc6 3. Bc4 Nf6 4. Ng5 d5 5. exd5 Na5 6. Bb5+ c6 7. dxc6 bxc6 8. Bd3 Nd5 9. h4 h6 10. Nf3 Bd6 11. Be4 0-0 12. d4 exd4 13. Qxd4 c5 14. Qxd5 Bb7 15. Qh5 Bxe4 16. Nc3 Bxc2 17. 0-0 Re8 18. Be3 Rb8 19. Bxc5 Bg6 20. Qd5 Bxc5 21. Qxc5 Qb6 22. Qxb6 Rxb6 23. b3 Rc6 24. Rfc1 Bh5 25. Nd4 Rd6 26. Ncb5 Rd7 27. Rc5 Bg6 28. Nf3 Nb7 29. Re5 Rxe5 30. Nxe5 Rd5 31. Nxg6 Rxb5 32. Nf4 g5 33. hxg5 hxg5 34. Nd3 Nc5 35. Rd1 Ne4 36. Nc1 Rc5 37. f3 Nf6 38. b4 Rc2 39. a4 Kg7 40. a5 Rc4 41. Nd3 Rd4 42. Kf2 Nd5 43. Ke2 Nxb4 44. Nxb4 Rxb4 45. Rd5 Rb2+ 46. Kf1 Kg6 47. Rd7 Ra2 48. Rxa7 f5 49. a6 g4 50. fxg4 fxg4 51. g3 Kh6 52. Ke1 Ra3 53. Ra8 Kg7 54. a7 Kh7 55. Kd1 Kg7 56. Kc2 Ra2+ 57. Kb3 Ra1 58. Kc4 Kh7 59. Kd5 Kg7 60. Ke6 Ra5 61. Rd8 Rxa7 62. Rd4 Ra6+ 63. Kf5 Ra5+ 64. Kxg4 Rb5 65. Rd6 Ra5 66. Kh4 Ra4+ 67. g4 Ra5 68. Rb6 Rc5 69. g5 Rc1 70. Rb7+ Kg6 71. Rb6+ 1/2-1/2

[Event "GER-ch 93rd"]
[Site "Magdeburg"]
[Date "2022.08.15"]
[Round "2"]
[White "Feuerstack, Aljoscha"]
[Black "Pahl, Erik"]
[Result "1/2-1/2"]
[WhiteElo "2477"]
[BlackElo "2203"]
[PlyCount "70"]
[EventDate "2022.08.14"]
[EventType "swiss"]
[EventRounds "9"]
[EventCountry "GER"]
[SourceTitle "CBM 209 Extra"]
[Source "ChessBase"]
[SourceDate "2022.09.30"]
[SourceVersion "1"]
[SourceVersionDate "2022.09.30"]
[SourceQuality "1"]

1. d4 Nf6 2. c4 g6 3. g3 Bg7 4. Bg2 0-0 5. Nc3 d6 6. Nf3 Nc6 7. 0-0 e5 8. dxe5 dxe5 9. Bg5 Qxd1 10. Raxd1 Re8 11. Nd2 Nd4 12. Nb3 Ne6 13. Be3 Ng4 14. Bc1 f5 15. Rfe1 Nf6 16. e4 f4 17. gxf4 Nxf4 18. Bxf4 exf4 19. e5 Ng4 20. Nd5 Rxe5 21. Nxc7 Rb8 22. Rd8+ Kf7 23. Red1 Nf6 24. Nb5 Bg4 25. Rxb8 Bxd1 26. Rxb7+ Kf8 27. Rb8+ Ke7 28. Rb7+ Kf8 29. Rb8+ Ke7 30. Bc6 f3 31. Rb7+ Kf8 32. Rb8+ Ke7 33. Rb7+ Kf8 34. Rb8+ Ke7 35. Rb7+ Kf8 1/2-1/2

[Event "GER-chT U16"]
[Site "Willingen"]
[Date "2021.06.25"]
[Round "4.4"]
[White "Pahl, Erik"]
[Black "Nguyen, Alex Dac Vuong"]
[Result "1/2-1/2"]
[WhiteElo "2110"]
[BlackElo "2307"]
[PlyCount "89"]
[EventDate "2021.06.23"]
[EventType "team-swiss"]
[EventRounds "7"]
[EventCountry "GER"]
[SourceTitle "CBM 203 Extra"]
[Source "ChessBase"]
[SourceDate "2021.09.30"]
[SourceVersion "1"]
[SourceVersionDate "2021.09.30"]
[SourceQuality "1"]
[WhiteTeam "Delmenhorst"]
[BlackTeam "Leipzig SG "]
[WhiteTeamCountry "GER"]
[BlackTeamCountry "GER"]

1. e4 c6 2. Nf3 d5 3. Nc3 Bg4 4. h3 Bxf3 5. Qxf3 e6 6. d4 Nf6 7. Bd3 dxe4 8. Nxe4 Qxd4 9. Bd2 Nbd7 10. 0-0-0 Be7 11. Bc3 Qd5 12. Kb1 0-0-0 13. Rhe1 Nc5 14. Bf1 Qxd1+ 15. Rxd1 Rxd1+ 16. Qxd1 Ncxe4 17. Qf3 Rd8 18. Bd3 Nxc3+ 19. bxc3 Rd7 20. c4 Bc5 21. c3 h6 22. Kc2 Ne8 23. Qg3 Be7 24. Qe3 Kb8 25. f4 Bd6 26. g3 Nc7 27. Qd4 e5 28. fxe5 Ne6 29. Qe3 Bc5 30. Qf3 Bd4 31. Qe2 Re7 32. Bf5 Bb6 33. Qg4 Bc7 34. Bxe6 fxe6 35. Qf4 Kc8 36. Kd3 c5 37. Ke4 Kd7 38. Qf2 b6 39. Qf8 Bd8 40. h4 a5 41. h5 Bc7 42. Qf3 Kc8 43. Qf8+ Kd7 44. Qf3 Kc8 45. Qf8+ 1/2-1/2

[Event "GER-chT U16"]
[Site "Willingen"]
[Date "2021.06.24"]
[Round "2.3"]
[White "Pahl, Erik"]
[Black "Bethke, Richard"]
[Result "0-1"]
[WhiteElo "2110"]
[BlackElo "2332"]
[PlyCount "86"]
[EventDate "2021.06.23"]
[EventType "team-swiss"]
[EventRounds "7"]
[EventCountry "GER"]
[SourceTitle "CBM 203 Extra"]
[Source "ChessBase"]
[SourceDate "2021.09.30"]
[SourceVersion "1"]
[SourceVersionDate "2021.09.30"]
[SourceQuality "1"]
[WhiteTeam "Delmenhorst"]
[BlackTeam "Neuberg"]
[WhiteTeamCountry "GER"]
[BlackTeamCountry "GER"]

1. e4 e5 2. Nf3 Nc6 3. Bb5 a6 4. Ba4 b5 5. Bb3 Na5 6. 0-0 d6 7. d4 exd4 8. Nxd4 Bb7 9. c4 c5 10. Nf5 Nxb3 11. Qxb3 g6 12. Ne3 Nf6 13. Nc3 Bg7 14. cxb5 0-0 15. f3 axb5 16. Nxb5 Bc6 17. Nc3 Nh5 18. Nc4 Rb8 19. Qc2 Rb4 20. Ne3 Nf4 21. Rb1 Bxc3 22. bxc3 Ne2+ 23. Kh1 Rxb1 24. Qxb1 Qh4 25. Bb2 Ng3+ 26. Kg1 Nxf1 27. Qxf1 Rb8 28. Qe2 Qf4 29. Nd1 Ba4 30. Nf2 Bb5 31. Qe1 Bc4 32. Nd1 h5 33. Qf2 Bxa2 34. g3 Qe5 35. Qd2 Qe6 36. Kg2 d5 37. Nf2 Bc4 38. Ba3 Rb1 39. Bxc5 Bf1+ 40. Kg1 Bh3+ 41. Nd1 dxe4 42. Kf2 Qc4 43. Be3 Qf1# 0-1

[Event "GER-chT Christmas U16 Lasker"]
[Site "Playchess.com INT"]
[Date "2020.12.28"]
[Round "4.1"]
[White "Boder, Jan"]
[Black "Pahl, Erik"]
[Result "1-0"]
[WhiteElo "2146"]
[BlackElo "2110"]
[PlyCount "127"]
[EventDate "2020.12.28"]
[EventType "team-swiss (blitz)"]
[EventRounds "7"]
[EventCountry "GER"]
[SourceTitle "CBM 200 Extra"]
[Source "ChessBase"]
[SourceDate "2021.03.31"]
[SourceVersion "1"]
[SourceVersionDate "2021.03.31"]
[SourceQuality "1"]
[WhiteTeam "Kastellaun"]
[BlackTeam "Delmenhorst"]
[WhiteTeamCountry "GER"]
[BlackTeamCountry "GER"]

1. c4 c5 2. g3 g6 3. Bg2 Bg7 4. Nc3 Nc6 5. a3 d6 6. Rb1 a5 7. Nf3 Bd7 8. 0-0 Qc8 9. e3 Bh3 10. Nd5 Bxg2 11. Kxg2 Qd8 12. d4 e6 13. Nc3 Nge7 14. d5 exd5 15. Nxd5 0-0 16. Qd3 a4 17. Rd1 Ra6 18. Bd2 Nxd5 19. Qxd5 Rb6 20. Bc3 Bxc3 21. bxc3 Rxb1 22. Rxb1 Na5 23. Ng5 Qc7 24. Ne4 Rd8 25. Qg5 Nxc4 26. f3 Rb8 27. Nf6+ Kg7 28. Nh5+ Kg8 29. Nf6+ Kg7 30. Nh5+ Kf8 31. Nf6 Qd8 32. Qh6+ Ke7 33. Nd5+ Kd7 34. Qf4 Ne5 35. Nb6+ Ke8 36. Qxa4+ Kf8 37. f4 Nc6 38. Nd5 Ra8 39. Qe4 Rxa3 40. Rxb7 Ra2+ 41. Kg1 Qa8 42. Rb1 Ra1 43. Nc7 Rxb1+ 44. Qxb1 Qb8 45. Qxb8+ Nxb8 46. Kf2 Ke7 47. Nd5+ Ke6 48. e4 Nc6 49. Ke3 Na5 50. Kd3 f5 51. Nc7+ Kd7 52. Nd5 fxe4+ 53. Kxe4 Nb3 54. Nf6+ Ke6 55. Nxh7 Nd2+ 56. Kd3 Nf1 57. Ng5+ Kf5 58. Nf3 Kg4 59. Ke2 d5 60. Ne5+ Kh3 61. Kxf1 Kxh2 62. Kf2 Kh3 63. Kf3 Kh2 64. Nxg6 1-0

[Event "GER-chT Christmas U16 Lasker"]
[Site "Playchess.com INT"]
[Date "2020.12.28"]
[Round "6.1"]
[White "Pahl, Erik"]
[Black "Koll, Linus"]
[Result "1-0"]
[WhiteElo "2110"]
[BlackElo "1963"]
[PlyCount "63"]
[EventDate "2020.12.28"]
[EventType "team-swiss (blitz)"]
[EventRounds "7"]
[EventCountry "GER"]
[SourceTitle "CBM 200 Extra"]
[Source "ChessBase"]
[SourceDate "2021.03.31"]
[SourceVersion "1"]
[SourceVersionDate "2021.03.31"]
[SourceQuality "1"]
[WhiteTeam "Delmenhorst"]
[BlackTeam "Karlsruhe"]
[WhiteTeamCountry "GER"]
[BlackTeamCountry "GER"]

1. e4 c5 2. Nf3 d6 3. d4 cxd4 4. Nxd4 Nf6 5. Nc3 g6 6. Be3 Bg7 7. f3 0-0 8. Qd2 Nc6 9. Bc4 Bd7 10. 0-0-0 Rc8 11. Bb3 Ne5 12. Kb1 Nc4 13. Bxc4 Rxc4 14. g4 Qa5 15. Nb3 Qc7 16. e5 Ne8 17. Nd5 Qd8 18. exd6 Nxd6 19. Bg5 f6 20. Bh6 Bxh6 21. Qxh6 Bc6 22. h4 Bxd5 23. Rxd5 Qc7 24. Qd2 Rc8 25. c3 Nf7 26. Rd7 Qg3 27. Rxe7 Qxf3 28. Rhe1 Ne5 29. Nd4 Qxg4 30. Qh6 Nf7 31. Re8+ Rxe8 32. Rxe8# 1-0

[Event "GER-chT Christmas U16 Lasker"]
[Site "Playchess.com INT"]
[Date "2020.12.28"]
[Round "7.1"]
[White "Weihrauch, Jakob"]
[Black "Pahl, Erik"]
[Result "1-0"]
[WhiteElo "2146"]
[BlackElo "2110"]
[PlyCount "59"]
[EventDate "2020.12.28"]
[EventType "team-swiss (blitz)"]
[EventRounds "7"]
[EventCountry "GER"]
[SourceTitle "CBM 200 Extra"]
[Source "ChessBase"]
[SourceDate "2021.03.31"]
[SourceVersion "1"]
[SourceVersionDate "2021.03.31"]
[SourceQuality "1"]
[WhiteTeam "Hamburger SK"]
[BlackTeam "Delmenhorst"]
[WhiteTeamCountry "GER"]
[BlackTeamCountry "GER"]

1. e4 c5 2. Nf3 d6 3. d4 cxd4 4. Nxd4 Nf6 5. Nc3 Bd7 6. Be2 e5 7. Ndb5 Bc6 8. Nd5 Nxd5 9. exd5 Bd7 10. a4 Be7 11. c4 0-0 12. Be3 a6 13. Nc3 a5 14. Qb3 Na6 15. Nb5 b6 16. 0-0 g5 17. g3 Bh3 18. Rfe1 f5 19. f4 gxf4 20. gxf4 Bh4 21. Bf2 Bg4 22. h3 Bxe2 23. Rxe2 exf4 24. Bxh4 Qxh4 25. Rg2+ Kh8 26. Qc3+ Rf6 27. Nxd6 Raf8 28. Re1 Qh5 29. Re6 Qh6 30. Nxf5 1-0

[Event "GER-chT U16"]
[Site "Magdeburg"]
[Date "2019.12.30"]
[Round "7.4"]
[White "Pahl, Erik"]
[Black "Huber, Benedikt"]
[Result "1-0"]
[WhiteElo "2030"]
[BlackElo "2133"]
[PlyCount "87"]
[EventDate "2019.12.27"]
[EventType "team-swiss"]
[EventRounds "7"]
[EventCountry "GER"]
[SourceTitle "CBM 194 Extra"]
[Source "ChessBase"]
[SourceDate "2020.03.31"]
[SourceVersion "1"]
[SourceVersionDate "2020.03.31"]
[SourceQuality "1"]
[WhiteTeam "Delmenhorst"]
[BlackTeam "Muenchen Suedost"]
[WhiteTeamCountry "GER"]
[BlackTeamCountry "GER"]

1. e4 c5 2. Nf3 e6 3. d4 cxd4 4. Nxd4 a6 5. Bd3 Qc7 6. 0-0 Nc6 7. Nxc6 bxc6 8. c4 Nf6 9. Qe2 d5 10. e5 Nd7 11. Bf4 Be7 12. Nc3 Bb7 13. Rad1 Nb6 14. Rfe1 Bb4 15. Bd2 0-0 16. Nxd5 exd5 17. Bxb4 c5 18. Ba5 dxc4 19. Bxb6 cxd3 20. Bxc7 dxe2 21. Rxe2 Rac8 22. Bd6 Rfe8 23. Rc2 c4 24. Rd4 Rc6 25. Rcxc4 Rxc4 26. Rxc4 Rc8 27. Rxc8+ Bxc8 28. f4 f6 29. Kf2 Kf7 30. Ke3 Ke6 31. Kd4 Bd7 32. g3 Bb5 33. b3 Be2 34. Kc5 h5 35. b4 Bb5 36. a3 f5 37. Bb8 g6 38. Bd6 Bd3 39. a4 Be2 40. b5 axb5 41. axb5 Bd3 42. Kc6 Be4+ 43. Kc7 g5 44. b6 1-0

[Event "Oberliga Nord W 1920"]
[Site "Germany"]
[Date "2019.11.24"]
[Round "3.2"]
[White "Pahl, Erik"]
[Black "Varga, Zoltan"]
[Result "0-1"]
[WhiteElo "2034"]
[BlackElo "2424"]
[PlyCount "66"]
[EventDate "2019.09.29"]
[EventType "team-tourn"]
[EventRounds "9"]
[EventCountry "GER"]
[SourceTitle "CBM 195 Extra"]
[Source "ChessBase"]
[SourceDate "2020.05.31"]
[SourceVersion "1"]
[SourceVersionDate "2020.05.31"]
[SourceQuality "1"]

1. e4 Nf6 2. e5 Nd5 3. d4 d6 4. c4 Nb6 5. exd6 cxd6 6. Nc3 g6 7. Be3 Bg7 8. Rc1 0-0 9. b3 Bf5 10. Be2 d5 11. c5 Nc8 12. Bf3 Nc6 13. Bxd5 Nb4 14. Bc4 e5 15. d5 e4 16. g4 Bd7 17. a3 Nd3+ 18. Bxd3 exd3 19. h3 Qa5 20. Qxd3 Ne7 21. Nge2 Nxd5 22. Bd4 Bxd4 23. Qxd4 Nxc3 24. Qxc3 Qa6 25. a4 Rfe8 26. Rc2 Bc6 27. Rg1 b5 28. cxb6 Rac8 29. Qc4 Qb7 30. Qf4 Bf3 31. Rb2 axb6 32. Rg3 Bxe2 33. Rxe2 Qh1+ 0-1

[Event "GER-chT Lands U20"]
[Site "Wuerzburg"]
[Date "2019.10.04"]
[Round "4.9"]
[White "Riehle, Marco"]
[Black "Pahl, Erik"]
[Result "1-0"]
[WhiteElo "2309"]
[BlackElo "2027"]
[PlyCount "107"]
[EventDate "2019.10.01"]
[EventType "team-swiss"]
[EventRounds "7"]
[EventCountry "GER"]
[SourceTitle "EXT 2020"]
[Source "ChessBase"]
[SourceDate "2019.10.17"]
[SourceVersion "1"]
[SourceVersionDate "2019.10.17"]
[SourceQuality "1"]
[WhiteTeam "Baden II"]
[BlackTeam "Bremen/Niedersachsen"]
[WhiteTeamCountry "GER"]
[BlackTeamCountry "GER"]

1. e4 e5 2. Nf3 Nc6 3. Bc4 Bc5 4. c3 Nf6 5. d4 exd4 6. cxd4 Bb4+ 7. Nbd2 d5 8. exd5 Nxd5 9. 0-0 0-0 10. a3 Be7 11. Re1 h6 12. b4 Nb6 13. Ba2 Bf6 14. Nb3 Be6 15. Be3 Bd5 16. Nc5 Rb8 17. b5 Ne7 18. Ne5 Bxa2 19. Rxa2 Qd5 20. Rae2 Rfd8 21. Ng4 Nf5 22. Nxf6+ gxf6 23. h3 Nc4 24. a4 c6 25. Bf4 Ncd6 26. Ne4 Kg7 27. Ng3 Nxg3 28. Bxg3 Rbc8 29. Re7 cxb5 30. Bxd6 Qxd6 31. Qg4+ Kf8 32. Rxb7 Re8 33. Rd1 Rc7 34. Rxc7 Qxc7 35. axb5 Qa5 36. Qf4 Kg7 37. Rd3 Re1+ 38. Kh2 Qxb5 39. Rg3+ Kf8 40. Qd6+ Re7 41. Qxf6 Re6 42. Qh8+ Ke7 43. Qa8 a5 44. d5 Re5 45. f4 Rxd5 46. Re3+ Kd6 47. Qf8+ Kc6 48. Qxf7 a4 49. Qe7 Qc5 50. Qe8+ Kb6 51. Qb8+ Ka5 52. Re4 a3 53. Qa8+ Kb6 54. Ra4 1-0

[Event "GER-chT Lands U20"]
[Site "Wuerzburg"]
[Date "2019.10.03"]
[Round "3.10"]
[White "Pahl, Erik"]
[Black "Zha, Kevin"]
[Result "1/2-1/2"]
[WhiteElo "2027"]
[BlackElo "1923"]
[PlyCount "65"]
[EventDate "2019.10.01"]
[EventType "team-swiss"]
[EventRounds "7"]
[EventCountry "GER"]
[SourceTitle "EXT 2020"]
[Source "ChessBase"]
[SourceDate "2019.10.17"]
[SourceVersion "1"]
[SourceVersionDate "2019.10.17"]
[SourceQuality "1"]
[WhiteTeam "Bremen/Niedersachsen"]
[BlackTeam "Saarland"]
[WhiteTeamCountry "GER"]
[BlackTeamCountry "GER"]

1. e4 g6 2. d4 Bg7 3. Nc3 d6 4. f4 Nf6 5. Nf3 0-0 6. e5 Nfd7 7. Bc4 c5 8. e6 Nb6 9. exf7+ Kh8 10. h4 Nxc4 11. h5 Bf5 12. Ng5 Qc8 13. Nd5 Nc6 14. Nxh7 Qe6+ 15. Kf1 Bh6 16. Nc7 Qxf7 17. Ng5 Qf6 18. hxg6 Kg7 19. Nf7 Rxf7 20. gxf7 Qxf7 21. Nxa8 Nxd4 22. b3 Nxc2 23. Qe2 Ne5 24. Kg1 Nxa1 25. Rxh6 Kxh6 26. fxe5+ Kg6 27. g4 Bd7 28. Qe4+ Kg7 29. Bb2 Bc6 30. exd6+ Kg8 31. Qxe7 Qxe7 32. dxe7 Nc2 33. Nc7 1/2-1/2

[Event "Police Gniota Memorial 34th"]
[Site "Police"]
[Date "2019.07.18"]
[Round "9"]
[White "Jankowiak, Tomasz"]
[Black "Pahl, Erik"]
[Result "0-1"]
[WhiteElo "2104"]
[BlackElo "2006"]
[PlyCount "66"]
[EventDate "2019.07.10"]
[EventType "swiss"]
[EventRounds "9"]
[EventCountry "POL"]
[SourceTitle "EXT 2020"]
[Source "ChessBase"]
[SourceDate "2019.10.17"]
[SourceVersion "1"]
[SourceVersionDate "2019.10.17"]
[SourceQuality "1"]

1. e4 c5 2. Nf3 d6 3. Bb5+ Bd7 4. Bxd7+ Nxd7 5. 0-0 Ngf6 6. Qe2 Rc8 7. c4 g6 8. b3 Bg7 9. Bb2 e5 10. d3 0-0 11. Nc3 Nh5 12. Nd5 f5 13. exf5 Rxf5 14. Nd2 Nf4 15. Nxf4 exf4 16. Bxg7 Kxg7 17. d4 cxd4 18. Nf3 Qf6 19. Rad1 Ne5 20. Nxd4 f3 21. Nxf5+ Qxf5 22. gxf3 Qh3 23. Kh1 Re8 24. Rg1 Nxf3 25. Qb2+ Kg8 26. Rg2 Re5 27. Qa3 Ne1 28. Rg3 Qf1+ 29. Rg1 Qxf2 30. b4 Nf3 31. Rg2 Re1+ 32. Rxe1 Qxe1+ 33. Rg1 Qxg1# 0-1

[Event "Police Gniota Memorial 34th"]
[Site "Police"]
[Date "2019.07.11"]
[Round "2"]
[White "Pahl, Erik"]
[Black "Jankowiak, Piotr"]
[Result "1-0"]
[WhiteElo "2006"]
[BlackElo "1985"]
[PlyCount "113"]
[EventDate "2019.07.10"]
[EventType "swiss"]
[EventRounds "9"]
[EventCountry "POL"]
[SourceTitle "EXT 2020"]
[Source "ChessBase"]
[SourceDate "2019.10.17"]
[SourceVersion "1"]
[SourceVersionDate "2019.10.17"]
[SourceQuality "1"]

1. e4 e5 2. Nf3 Nc6 3. Bb5 a6 4. Ba4 Nf6 5. 0-0 Be7 6. d3 b5 7. Bb3 d6 8. a3 0-0 9. Nc3 Na5 10. Ba2 Be6 11. b4 Bxa2 12. Rxa2 Nc6 13. Nd5 Nxd5 14. exd5 Nb8 15. a4 c6 16. axb5 cxd5 17. c3 Qb6 18. bxa6 Nxa6 19. Be3 Qb7 20. Qd2 h6 21. Rfa1 f5 22. Qb2 f4 23. Bd2 Nc7 24. Qb3 Rxa2 25. Rxa2 Kh8 26. Ra5 Ra8 27. Qa2 Bf6 28. Rxa8+ Nxa8 29. Ne1 Nc7 30. Qa4 Nb5 31. g3 fxg3 32. hxg3 e4 33. Qb3 exd3 34. Nxd3 Qc6 35. Nf4 Nc7 36. Nh5 Be7 37. Qd1 Qe8 38. Qg4 Bf8 39. Nf4 Be7 40. Ng6+ Kh7 41. Nf4 Bg5 42. Nxd5 Bxd2 43. Qf5+ Qg6 44. Qxg6+ Kxg6 45. Nxc7 Bxc3 46. Nd5 Bd4 47. b5 Kf7 48. b6 Ke8 49. b7 Ba7 50. Nc7+ Kd7 51. Na6 Kc6 52. b8Q Bxb8 53. Nxb8+ Kb5 54. Kf1 d5 55. Ke2 Kc4 56. Nc6 Kc3 57. f4 1-0

[Event "GER-ch U16"]
[Site "Willingen"]
[Date "2019.06.14"]
[Round "8"]
[White "Burian, Simon"]
[Black "Pahl, Erik"]
[Result "1/2-1/2"]
[WhiteElo "2001"]
[BlackElo "2113"]
[PlyCount "103"]
[EventDate "2019.06.08"]
[EventType "swiss"]
[EventRounds "9"]
[EventCountry "GER"]
[SourceTitle "CBM 191 Extra"]
[Source "ChessBase"]
[SourceDate "2019.09.30"]
[SourceVersion "1"]
[SourceVersionDate "2019.09.30"]
[SourceQuality "1"]

1. e4 c5 2. Nf3 d6 3. d4 cxd4 4. Nxd4 Nf6 5. Nc3 a6 6. Bg5 e6 7. f4 h6 8. Bh4 Qb6 9. a3 Be7 10. Bf2 Qc7 11. g4 Nc6 12. h3 Bd7 13. Bg2 Nxd4 14. Qxd4 e5 15. Qd2 exf4 16. Qxf4 Be6 17. 0-0 0-0 18. Bd4 Nd7 19. Rad1 Ne5 20. Qf2 Rac8 21. Kh1 b5 22. Qg3 Bc4 23. Rf5 Be6 24. Rf2 Ng6 25. Rf5 Bh4 26. Qf3 Bxf5 27. gxf5 Ne5 28. Qh5 Qe7 29. Nd5 Qg5 30. Qe2 Qd8 31. Bb6 Qd7 32. Qh5 Bg5 33. h4 g6 34. Qe2 Bxh4 35. Bd4 Qd8 36. f6 Kh7 37. Bh3 Nd7 38. Qg4 Nxf6 39. Bxf6 Bxf6 40. Qxc8 Qxc8 41. Nxf6+ Kg7 42. Bxc8 Rxc8 43. Rxd6 Rxc2 44. Rxa6 Rxb2 45. Ne8+ Kf8 46. Nd6 Ke7 47. e5 Rb3 48. Ra7+ Ke6 49. Nxf7 Rf3 50. Nd6 Rb3 51. Ra5 Kxe5 52. Rxb5+ 1/2-1/2

[Event "GER-ch U16"]
[Site "Willingen"]
[Date "2019.06.13"]
[Round "7"]
[White "Pahl, Erik"]
[Black "Biermann, Florian"]
[Result "0-1"]
[WhiteElo "2113"]
[BlackElo "2028"]
[PlyCount "102"]
[EventDate "2019.06.08"]
[EventType "swiss"]
[EventRounds "9"]
[EventCountry "GER"]
[SourceTitle "CBM 191 Extra"]
[Source "ChessBase"]
[SourceDate "2019.09.30"]
[SourceVersion "1"]
[SourceVersionDate "2019.09.30"]
[SourceQuality "1"]

1. e4 c5 2. Nf3 d6 3. d4 cxd4 4. Nxd4 Nf6 5. Nc3 a6 6. Bg5 e6 7. f4 h6 8. Bh4 Be7 9. Qf3 Nbd7 10. 0-0-0 Qc7 11. f5 e5 12. Nde2 b5 13. Bxf6 Nxf6 14. Nd5 Nxd5 15. exd5 Bb7 16. Ng3 Rc8 17. Bd3 Qc5 18. Be4 Bg5+ 19. Kb1 Qe3 20. Qh5 Bf6 21. Rhe1 Qc5 22. Qf3 a5 23. Nh5 a4 24. h4 b4 25. g4 Bxh4 26. Nxg7+ Kd8 27. Rh1 Bf6 28. Nh5 Bg5 29. Rh3 Ra8 30. a3 bxa3 31. Qxa3 Qxa3 32. Rxa3 Kd7 33. Ng3 Rhc8 34. Ne2 Rc4 35. Nc3 Be3 36. Bd3 Rxg4 37. Bb5+ Ke7 38. Rxa4 Raxa4 39. Bxa4 h5 40. Bb5 h4 41. Rh1 Rg1+ 42. Rxg1 Bxg1 43. Bf1 Bd4 44. Bg2 Bxc3 45. bxc3 Kf6 46. c4 Ba6 47. Kb2 Bxc4 48. Kc3 Be2 49. Bh3 Bf3 50. Kc4 Be4 51. Kb5 Bxf5 0-1

[Event "GER-ch U16"]
[Site "Willingen"]
[Date "2019.06.09"]
[Round "1"]
[White "Koellner, Ruben Gideon"]
[Black "Pahl, Erik"]
[Result "1-0"]
[WhiteElo "2290"]
[BlackElo "2113"]
[PlyCount "93"]
[EventDate "2019.06.08"]
[EventType "swiss"]
[EventRounds "9"]
[EventCountry "GER"]
[SourceTitle "CBM 191 Extra"]
[Source "ChessBase"]
[SourceDate "2019.09.30"]
[SourceVersion "1"]
[SourceVersionDate "2019.09.30"]
[SourceQuality "1"]

1. d4 Nf6 2. Bg5 Ne4 3. Bf4 c5 4. f3 Nf6 5. dxc5 b6 6. e4 bxc5 7. Nc3 Nc6 8. Bc4 e5 9. Be3 Be7 10. Nge2 Rb8 11. b3 d6 12. Nd5 0-0 13. Qd2 Nxd5 14. Bxd5 Qc7 15. 0-0 Be6 16. Bxc6 Qxc6 17. c4 a6 18. Rad1 Rbd8 19. g4 Bh4 20. Ng3 Bxg3 21. hxg3 f6 22. Rf2 g6 23. Rh2 Rf7 24. Rh6 Rdd7 25. Qc2 a5 26. a4 Qb6 27. Rd3 Rb7 28. Qd2 Rfd7 29. Kg2 Qc6 30. Bf2 Ra7 31. Rh1 Ra6 32. Qe3 Qb7 33. Rhd1 Kg7 34. Be1 Qc6 35. Bd2 Raa7 36. Qe1 Qb6 37. Qe2 Qc6 38. Kf2 Kg8 39. Bc1 Bf7 40. Qd2 Ra6 41. Bb2 Be6 42. g5 fxg5 43. Qxg5 Qb7 44. Bxe5 Rf7 45. Bxd6 Qxe4 46. Qd8+ Kg7 47. Bf8+ 1-0

[Event "GER-ch U16"]
[Site "Willingen"]
[Date "2019.06.09"]
[Round "2"]
[White "Pahl, Erik"]
[Black "Rietschel, Tilo"]
[Result "0-1"]
[WhiteElo "2113"]
[BlackElo "2005"]
[PlyCount "60"]
[EventDate "2019.06.08"]
[EventType "swiss"]
[EventRounds "9"]
[EventCountry "GER"]
[SourceTitle "CBM 191 Extra"]
[Source "ChessBase"]
[SourceDate "2019.09.30"]
[SourceVersion "1"]
[SourceVersionDate "2019.09.30"]
[SourceQuality "1"]

1. e4 c5 2. Nf3 d6 3. d4 cxd4 4. Nxd4 Nf6 5. Nc3 g6 6. Be3 Bg7 7. f3 0-0 8. Qd2 Nc6 9. Bc4 Bd7 10. 0-0-0 Rc8 11. Bb3 Ne5 12. Kb1 Nc4 13. Bxc4 Rxc4 14. g4 b5 15. h4 h5 16. g5 Ne8 17. f4 b4 18. Nce2 Qa5 19. Ng3 Bxd4 20. Bxd4 Nc7 21. f5 Nb5 22. Ne2 Rb8 23. Ka1 Rbc8 24. Rc1 R8c6 25. Qd3 gxf5 26. g6 Be6 27. gxf7+ Bxf7 28. Rhg1+ Kf8 29. Rg7 Be6 30. Rf1 Rxd4 0-1

[Event "JBLN West 1819"]
[Site "Germany"]
[Date "2019.03.10"]
[Round "6.3"]
[White "Karlisch, Moritz"]
[Black "Pahl, Erik"]
[Result "1-0"]
[WhiteElo "1951"]
[BlackElo "2044"]
[PlyCount "129"]
[EventDate "2018.09.23"]
[EventType "team-tourn"]
[EventRounds "9"]
[EventCountry "GER"]
[SourceTitle "EXT 2020"]
[Source "ChessBase"]
[SourceDate "2019.10.17"]
[SourceVersion "1"]
[SourceVersionDate "2019.10.17"]
[SourceQuality "1"]
[WhiteTeam "Kiel Doppelbauer U20"]
[BlackTeam "Delmenhorst U20"]
[WhiteTeamCountry "GER"]
[BlackTeamCountry "GER"]

1. Nf3 c5 2. e4 d6 3. d4 cxd4 4. Nxd4 Nf6 5. Nc3 a6 6. g3 e5 7. Nde2 Be7 8. Bg2 0-0 9. 0-0 Be6 10. h3 Nbd7 11. Be3 Nb6 12. Nd5 Bxd5 13. exd5 Nfd7 14. b3 f5 15. c4 h5 16. f4 Bf6 17. Rc1 Rc8 18. fxe5 Bxe5 19. Bf4 h4 20. Bxe5 Nxe5 21. Nd4 Qg5 22. gxh4 Qe3+ 23. Kh1 Nd3 24. Nxf5 Rxf5 25. Rxf5 Qxc1 26. Qxc1 Nxc1 27. Rf2 Rf8 28. Rc2 Nd3 29. Kg1 Ne1 30. Re2 Nxg2 31. Kxg2 Kf7 32. Kg3 Re8 33. Rf2+ Kg6 34. h5+ Kh7 35. Rf7 Rb8 36. Kg4 Kg8 37. Rc7 Nc8 38. Kf5 Kf8 39. Ke6 b5 40. Kd7 bxc4 41. bxc4 Nb6+ 42. Kxd6 Rd8+ 43. Kc5 Nd7+ 44. Kc6 Ne5+ 45. Kc5 Nd3+ 46. Kb6 Nb4 47. a3 Nxd5+ 48. cxd5 Rxd5 49. Kxa6 Rxh5 50. Rc3 Rh4 51. Kb5 Rh5+ 52. Kb4 Rh4+ 53. Kb3 Ke7 54. Rd3 Ke8 55. a4 Ke7 56. a5 Ke8 57. Kb2 Ra4 58. Ra3 Rb4+ 59. Kc3 Rb8 60. a6 Kd7 61. a7 Ra8 62. Kd4 Kd8 63. Kd5 Kc7 64. Ke6 Kb7 65. h4 1-0